Statistiken für Alle Gift-Pokemon

Klicken Sie hier um das Quiz zu spielen!

Allgemein

  • Dieses Quiz wurde 171 mal gespielt
    (58 seit der letzten Aktualisierung)
  • Das Durchschnittsergebnis liegt bei 63 aus 79

Antwortstatistiken

Pokedex-NummerPokemon2. Typ% Korrekt
015BiborKäfer
100%
003BisaflorPflanze
100%
002BisaknospPflanze
100%
001BisasamPflanze
100%
072TentachaWasser
100%
093AlpolloGeist
97%
094GengarGeist
97%
013HornliuKäfer
97%
014KokunaKäfer
97%
092NebulakGeist
97%
073TentoxaWasser
97%
024Arbok
95%
069KnofensaPflanze
95%
034NidokingBoden
95%
031NidoqueenBode
95%
032Nidoran
95%
029Nidoran
95%
030Nidorina
95%
033Nidorino
95%
023Rettan
95%
071SarzeniaPflanze
95%
088Sleima
95%
089Sleimok
95%
110Smogmog
95%
109Smogon
95%
070UltrigariaPflanze
95%
044DuflorPflanze
92%
045GiflorPflanze
92%
049OmotKäfer
92%
211BaldorfishWasser
89%
048BluzukKäfer
89%
042GolbatFlug
89%
169IksbatFlug
89%
043MyraplaPflanze
89%
041ZubatFlug
89%
168AriadosKäfer
87%
167WebarakKäfer
87%
453GlibunkelKampf
84%
544RollumKäfer
84%
315RoseliaPflanze
84%
454ToxiquakKampf
84%
545CerapendraKäfer
82%
407RoseradePflanze
82%
434SkunkapuhUnlicht
82%
435SkuntankUnlicht
82%
406KnospiPflanze
79%
452PiondragiUnlicht
79%
451PionskoraKäfer
79%
317Schlukwech
79%
316Schluppuck
79%
543ToxipedKäfer
79%
269PudoxKäfer
76%
336Vipitis
76%
849RiffexElektro
74%
848ToxelElektro
74%
758AmfiraFeuer
71%
757MolunkFeuer
71%
568Unratütox
71%
748AggrostellaWasser
68%
690AlgittWasser
68%
569Deponitox
68%
747GarstellaWasser
68%
691TandrakDrache
68%
804AgoyonDrache
66%
591HutsassaPflanze
63%
590TarnpignonPflanze
63%
793AnegoGestein
58%
890EndynalosDrache
58%
803Venicro
55%
994EisenfalterFeuer
47%
966KnattatoxStahl
47%
965KnattoxStahl
47%
970LumifloraGestein
47%
903SniebossKampf
47%
969LumisprossGestein
45%
945AffitiNormal
39%
904MyriadorUnlicht
39%
944SproxiNormal
32%
980SuelordBoden
24%

Verteilung der Resultate

Perzentil nach korrekt beantworteten Fragen

Anzahl Personen mit jedem Resultat

Ihre Resultats-Entwicklung

Sie haben dieses Quiz seit der letzten Aktualisierung nicht gespielt